[Event "Pocos de Caldas op"]
[Site "Pocos de Caldas"]
[Date "2022.03.13"]
[Round "5"]
[White "Proudian, Armen"]
[Black "Sztokbant, Bernardo Vainzoff"]
[Result "1-0"]
[WhiteElo "2420"]
[BlackElo "2194"]
[PlyCount "111"]
[EventDate "2022.03.11"]
[EventType "swiss"]
[EventRounds "6"]
[EventCountry "BRA"]
[SourceTitle "CBM 207 Extra"]
[Source "ChessBase"]
[SourceDate "2022.05.31"]
[SourceVersion "1"]
[SourceVersionDate "2022.05.31"]
[SourceQuality "1"]

1. e4 c5 2. Nf3 d6 3. d4 cxd4 4. Nxd4 Nf6 5. Nc3 a6 6. Be3 e5 7. Nb3 Be7 8. Qd2 Be6 9. 0-0-0 Nbd7 10. f4 Rc8 11. f5 Bc4 12. Kb1 b5 13. a3 Nb6 14. Na5 Qc7 15. Nxc4 bxc4 16. Bg5 0-0 17. g4 Qb7 18. Bxf6 gxf6 19. Nd5 Nxd5 20. Qxd5 Qb5 21. Qxb5 axb5 22. c3 Rfd8 23. Kc2 Bf8 24. Rd5 Rc5 25. Rxc5 dxc5 26. a4 bxa4 27. Bxc4 Bh6 28. Rd1 Rxd1 29. Kxd1 Bf4 30. h3 Kg7 31. Bb5 Kf8 32. Bxa4 Ke7 33. Kc2 Kd6 34. Bb3 h6 35. Bxf7 Kc6 36. Kd3 Bc1 37. Be8+ Kd6 38. b3 Ke7 39. Bc6 Kd6 40. Bd5 Bb2 41. Kc2 Ba1 42. h4 Ke7 43. Bc4 Kd6 44. g5 fxg5 45. hxg5 hxg5 46. Be2 Ke7 47. Bg4 Kf6 48. Kd3 Ke7 49. Kc4 Kd6 50. b4 cxb4 51. Kxb4 Bb2 52. c4 Bd4 53. Kb5 Ba7 54. f6 Be3 55. c5+ Bxc5 56. f7 1-0

[Event "Pocos de Caldas op"]
[Site "Pocos de Caldas"]
[Date "2022.03.12"]
[Round "4"]
[White "Proudian, Armen"]
[Black "Gazineu Neto, Rubens"]
[Result "1-0"]
[WhiteElo "2420"]
[BlackElo "1918"]
[PlyCount "75"]
[EventDate "2022.03.11"]
[EventType "swiss"]
[EventRounds "6"]
[EventCountry "BRA"]
[SourceTitle "CBM 207 Extra"]
[Source "ChessBase"]
[SourceDate "2022.05.31"]
[SourceVersion "1"]
[SourceVersionDate "2022.05.31"]
[SourceQuality "1"]

1. e4 c5 2. Nf3 Nc6 3. d4 cxd4 4. Nxd4 Nf6 5. Nc3 e5 6. Ndb5 d6 7. a4 a6 8. Na3 Be6 9. Bg5 Be7 10. Bxf6 Bxf6 11. Bc4 0-0 12. 0-0 Nb4 13. Nd5 Nxd5 14. Bxd5 Qc7 15. Qd3 Rac8 16. Rfd1 Be7 17. Qb3 Bxd5 18. Qxd5 Qc6 19. c4 Qxd5 20. Rxd5 f5 21. Re1 Rf6 22. exf5 Rxf5 23. b3 Rf6 24. Nb1 Kf7 25. Nc3 Ke6 26. Ne4 Rf5 27. f3 g5 28. Re3 Rc6 29. Red3 h5 30. Ng3 Rf7 31. Nxh5 Bd8 32. g4 Bb6+ 33. Kg2 Bc5 34. Ng3 b6 35. Ne4 Rg7 36. a5 bxa5 37. Nxc5+ dxc5 38. Re3 1-0